Mot mystérieux - Série 43 - Statistiques

Statistiques générales
  • Ce quiz a été pris 63 fois
  • Le résultat moyen est 6 sur 10
Statistiques - réponses
Question Réponse % Correct
caprice - graine - wars - cinéma star
85%
cellule - cardiaque - nerfs - foie crise
79%
oiseau - denrée - perle - gaz rare
69%
chasteté - célibat - obéissance - pauvreté voeu
65%
bourrage - oeuf - obus - mal crane
58%
langage - conduite - grand - creuser écart
58%
séjour - transport - indicatif - gros titre
54%
départ - loto - évaluation - salaire grille
48%
emploi - défilé - paiement - scrutin mode
40%
feu - examen - niveau - jour mise
27%
Aucun quiz correspondant
Distribution des résultats
% des personnes avec chaque résultat
Percentile par nombre de réponses
Votre historique - résultats
Vous n’avez pas pris ce quiz